[Event "FIDE Chesscom Grand Swiss 2021"]
[Site "Riga"]
[Date "2021.11.07"]
[Round "11.34"]
[White "Gelfand, Boris"]
[Black "Martirosyan, Haik M."]
[Result "1-0"]
[WhiteElo "2680"]
[BlackElo "2624"]
[Annotator "TA"]
[PlyCount "89"]
[EventDate "2021.10.27"]
[EventType "swiss"]
[EventCountry "LAT"]
[Tiebreak "Cut1 Buchholz+Sonneborn-Berger (Swiss)"]
[SourceTitle "playchess.com"]
[Source "ChessBase"]
[SourceQuality "1"]

{[%evp 12,89,0,0,20,15,20,20,17,20,12,13,24,13,35,25,60,48,45,51,54,39,51,37,
76,46,45,45,53,43,30,29,37,31,30,31,42,34,37,41,28,52,48,56,105,109,168,166,
147,50,127,125,125,103,154,161,165,173,181,174,244,245,231,186,288,133,382,378,
512,506,463,447,615,602,836,838,654,605,703,702]} 1. Nf3 Nf6 2. c4 e6 3. Nc3 d5
4. d4 Be7 5. g3 O-O 6. Bg2 dxc4 7. Ne5 Nbd7 {E06: Closed Catalan: Early
deviations.} 8. Nxc4 Nb6 9. Ne5 c5 {The position is equal.} 10. dxc5 {
Threatens to win with Qxd8.} Qxd1+ 11. Nxd1 Bxc5 12. O-O {[#]} Nbd5 $146 ({
Predecessor:} 12... Bd6 13. Nd3 Nfd5 14. Ne3 Bd7 15. Nxd5 Nxd5 16. Rd1 Bc6 17.
e4 Nb4 18. Nxb4 Bxb4 {1/2-1/2 (60) Vitiugov,N (2728)-Safarli,E (2632) Antalya
2017}) 13. e4 Ne7 14. Be3 Bxe3 15. Nxe3 ({Much weaker is} 15. fxe3 Nd7 $15)
15... Bd7 16. Rfd1 Bb5 17. N5c4 Ba4 18. Rd2 Bc6 19. e5 Nfd5 20. Nxd5 Bxd5 21.
Nd6 b6 22. Rc1 Bxg2 23. Kxg2 Nd5 24. f4 Rad8 25. Kf3 f6 {Threatening ...fxe5.}
26. Ke4 fxe5 27. Kxe5 Nf6 28. Rc7 Ng4+ (28... Ne8 $16 {was necessary.} 29. Rc6
(29. Rxa7 $2 Nxd6 30. Rd3 Rf5+ 31. Kxe6 Rf6+ 32. Ke5 Rf5+ 33. Ke6 Rf6+ 34. Ke5
Nc4+ {[%mdl 64] Discovered Attack} 35. Ke4 Re8+ 36. Kd4 Nxb2 $19) 29... Nf6)
29. Kxe6 $18 Nxh2 30. Rd7 ({Resist} 30. Rxh2 $6 Rf6+ 31. Ke7 Rfxd6 $14) (30.
Rxa7 $16 {Hoping for Rd7.} Nf1 31. Rd3) 30... Ng4 ({Black should try} 30... Nf1
$14 31. Rxd8 Nxd2 32. Rxf8+ Kxf8) 31. Rxd8 $16 Rxd8 {[%mdl 4096] Endgame
KRN-KRN} 32. Rc2 Nf6 {[#]} ({Better is} 32... Rf8) 33. b4 $1 Nh5 34. Rc3 a6 35.
a4 {[%cal Ba2a4,Ba4a5][%mdl 32]} h6 (35... Kf8 $142 36. b5 axb5) 36. Ke7 $18
Rf8 {[#]} 37. Kd7 $1 Kh7 (37... g5 $142) 38. Re3 (38. Kc7 $18) 38... Rf6 $2 {
Loses the game.} (38... Nxg3 $16 39. Rxg3 Rxf4) 39. f5 b5 40. a5 {White is
clearly winning.} Rf8 41. Kc6 Nf6 42. Re7 Nh5 43. Ne4 Nf6 44. Nc5 Rc8+ 45. Kb7
{[%mdl 64] Double Attack.  Weighted Error Value: White=0.11/Black=0.35} 1-0

[Event "FIDE Chesscom Grand Swiss 2021"]
[Site "Riga"]
[Date "2021.11.07"]
[Round "11.35"]
[White "Onyshchuk, Volodymyr"]
[Black "Cheparinov, Ivan"]
[Result "1/2-1/2"]
[WhiteElo "2622"]
[BlackElo "2659"]
[Annotator "TA"]
[PlyCount "98"]
[EventDate "2021.10.27"]
[EventType "swiss"]
[EventCountry "LAT"]
[Tiebreak "Cut1 Buchholz+Sonneborn-Berger (Swiss)"]
[SourceTitle "playchess.com"]
[Source "ChessBase"]
[SourceQuality "1"]

{[%evp 19,98,2,12,6,6,1,16,0,0,3,0,-21,-28,-16,-16,-22,0,-27,-25,-25,-20,-25,
-18,-42,-13,-20,-15,-8,-8,-31,-16,-37,-22,-16,-12,-27,-15,-16,-13,-13,-13,-17,
-11,-11,-14,-14,-12,-20,-30,-31,-32,-31,-31,-36,-37,-38,-34,-48,-58,-48,0,-8,
-25,-54,-44,-46,-8,-8,-8,-8,-8,-8,0,-8,0,-8,0,-8,0,-8,0]} 1. e4 e5 2. Nf3 Nc6
3. Bb5 a6 4. Ba4 Nf6 5. O-O Be7 6. Re1 b5 7. Bb3 O-O 8. a4 b4 9. d3 d6 10. a5
Be6 11. Nbd2 {11.Bxe6 is more fashionable. C88: Closed Ruy Lopez:
Anti-Marshall Systems.} Bxb3 12. Nxb3 Re8 13. Nfd2 Nd7 14. Nc4 {[#]} Nf8 $146 (
{Predecessor:} 14... Rb8 15. Ne3 Bg5 16. Nf5 Bxc1 17. Rxc1 Rb5 18. Qg4 g6 19.
Re3 h5 20. Qg3 Nxa5 {0-1 (54) Buczinski,H (2136)-Alascio Ruiz,J (1974) ICCF
email 2016}) 15. Be3 d5 16. exd5 Qxd5 17. Qg4 Rad8 18. Qe4 Ne6 19. Qxd5 Rxd5
20. Re2 f5 21. Rae1 Bf6 22. f4 exf4 23. Bxf4 Kf7 24. g3 Re7 25. Be3 Ne5 {
aiming for ...Nf3+.} 26. Ncd2 g5 27. h3 Ng6 28. Nc4 $1 f4 29. Bf2 fxg3 30. Bxg3
Ngf4 31. Bxf4 Nxf4 32. Rxe7+ Bxe7 33. Kh2 Bf6 34. Re4 Ne6 35. Kg3 h5 36. Kg2
Rf5 37. Ne3 Rf4 (37... Rb5 {feels hotter.} 38. Nc4 Bg7 39. Kf2 Rf5+ 40. Kg1 Rd5
) 38. Nd5 Rxe4 39. dxe4 $15 {[%mdl 4096] Endgame KBN-KNN} Be7 ({Much worse is} 
39... Bxb2 40. Nxb4 c5 41. Nxa6 $11) (39... c5 $5 {[%cal Rf6b2]} 40. c3 bxc3
41. bxc3 Bg7 $11) 40. Kf3 Bd6 41. c3 bxc3 42. bxc3 c6 43. Nb4 {The position is
equal.} Bxb4 44. cxb4 $11 {KN-KN} Kf6 45. Ke3 Ke5 46. Nd2 Kd6 47. Nb3 Ke5 48.
Nd2 Kd6 49. Nb3 Ke5 {Weighted Error Value: White=0.07/Black=0.06} 1/2-1/2

[Event "FIDE Chesscom Grand Swiss 2021"]
[Site "Riga"]
[Date "2021.11.07"]
[Round "11.36"]
[White "Sethuraman, S.P.."]
[Black "Rakhmanov, Aleksandr"]
[Result "0-1"]
[WhiteElo "2620"]
[BlackElo "2657"]
[Annotator "RC"]
[PlyCount "120"]
[EventDate "2021.10.27"]
[EventType "swiss"]
[EventCountry "LAT"]
[Tiebreak "Cut1 Buchholz+Sonneborn-Berger (Swiss)"]
[SourceTitle "playchess.com"]
[Source "ChessBase"]
[SourceQuality "1"]
[TimeControl "40/6000+30:20/3000+30:900+30"]

1. d4 {[%emt 0:00:16]} Nf6 {[%emt 0:00:07]} 2. c4 {[%emt 0:00:09]} e6 {[%emt 0:
00:15]} 3. g3 {[%emt 0:00:30]} Bb4+ {[%emt 0:00:40]} 4. Nc3 {[%emt 0:00:46]}
Ne4 {[%emt 0:04:22]} 5. Qc2 {[%emt 0:05:04]} Nxc3 {[%emt 0:01:51]} 6. bxc3 {
[%emt 0:00:12]} Be7 {[%emt 0:00:05]} 7. Bg2 {[%emt 0:00:29]} d6 {[%emt 0:00:38]
} 8. Nf3 {[%emt 0:24:07]} Nd7 {[%emt 0:01:20]} 9. O-O {[%emt 0:00:56]} O-O {
[%emt 0:03:29]} 10. h4 {[%emt 0:05:39]} h6 {[%emt 0:00:36]} 11. Rd1 {[%emt 0:
09:02]} Qe8 {[%emt 0:17:29]} 12. Rb1 {[%emt 0:13:07]} Nb6 {[%emt 0:04:54]} 13.
c5 {[%emt 0:06:38]} dxc5 {[%emt 0:02:30]} 14. Ne5 {[%emt 0:00:03]} Qa4 {
[%emt 0:03:59]} 15. Qd3 {[%emt 0:14:20]} c4 {[%emt 0:08:35]} 16. Qd2 {[%emt 0:
00:04]} c5 {[%emt 0:00:54]} 17. dxc5 {[%emt 0:05:02]} Bxc5 {[%emt 0:01:34]} 18.
e4 {[%emt 0:01:44]} Qa5 {[%emt 0:07:29]} 19. Ng4 {[%emt 0:01:20]} Be7 {[%emt 0:
17:06]} 20. Qe2 {[%emt 0:03:09]} e5 {[%emt 0:06:53]} 21. Ne3 {[%emt 0:08:09]}
Rd8 {[%emt 0:01:53]} 22. Nd5 {[%emt 0:03:53]} Nxd5 {[%emt 0:00:51]} 23. exd5 {
[%emt 0:00:05]} Bd6 {[%emt 0:07:46]} 24. Qxc4 {[%emt 0:00:17]} b6 {[%emt 0:00:
18]} 25. Qe2 {[%emt 0:03:25]} Bf5 {[%emt 0:04:59]} 26. Rb3 {[%emt 0:00:04]} Qa4
{[%emt 0:01:14]} 27. c4 {[%emt 0:00:10]} Rac8 {[%emt 0:00:23]} 28. Bf1 {
[%emt 0:00:59]} Qd7 {[%emt 0:01:18]} 29. Re1 {[%emt 0:01:17]} Rc7 {[%emt 0:01:
32]} 30. Ba3 {[%emt 0:00:14]} Bxa3 {[%emt 0:00:44]} 31. Rxa3 {[%emt 0:00:04]}
f6 {[%emt 0:00:21]} 32. Qd2 {[%emt 0:02:06]} Qd6 {[%emt 0:02:09]} 33. Rb3 {
[%emt 0:00:37]} Bd7 {[%emt 0:01:03]} 34. Qb2 {[%emt 0:00:46]} Kf8 {[%emt 0:02:
59]} 35. Qb1 {[%emt 0:00:21]} Kg8 {[%emt 0:00:14]} 36. Qg6 {[%emt 0:01:06]} Be8
{[%emt 0:00:25]} 37. Qe4 {[%emt 0:00:11]} Re7 {[%emt 0:03:07]} 38. g4 {[%emt 0:
01:30]} g6 {[%emt 0:01:39]} 39. Rg3 {[%emt 0:00:05]} Rdd7 {[%emt 0:01:36]} 40.
a4 {[%emt 0:00:44]} Qc5 {[%emt 0:00:34]} 41. Qf3 {[%emt 0:12:33]} Rd6 {[%emt 0:
02:34]} 42. g5 {[%emt 0:03:24]} hxg5 {[%emt 0:07:13]} 43. hxg5 {[%emt 0:01:54]}
f5 {[%emt 0:00:06]} 44. Qc3 {[%emt 0:11:47]} e4 {[%emt 0:00:30]} 45. Rh3 {
[%emt 0:00:20]} Rg7 {[%emt 0:00:29]} 46. Ra1 {[%emt 0:05:28]} Bd7 {[%emt 0:14:
34]} 47. a5 {[%emt 0:01:59]} f4 {[%emt 0:01:34]} 48. Qe5 {[%emt 0:08:28]} e3 {
[%emt 0:08:20]} 49. axb6 {[%emt 0:00:26]} exf2+ {[%emt 0:00:27]} 50. Kh2 {
[%emt 0:04:49]} Bxh3 {[%emt 0:01:41]} 51. Bxh3 {[%emt 0:04:25]} Qe3 {[%emt 0:
05:16]} 52. Be6+ {[%emt 0:00:14]} Kh8 {[%emt 0:03:43]} 53. Qxe3 {[%emt 0:01:26]
} fxe3 {[%emt 0:00:05]} 54. Kg2 {[%emt 0:00:05]} axb6 {[%emt 0:01:55]} 55. Kf3
{[%emt 0:00:33]} Ra7 {[%emt 0:03:17]} 56. Rh1+ {[%emt 0:00:58]} Rh7 {[%emt 0:
00:45]} 57. Ra1 {[%emt 0:00:40]} Rxe6 {[%emt 0:05:10]} 58. dxe6 {[%emt 0:00:04]
} Rh3+ {[%emt 0:00:09]} 59. Kg2 {[%emt 0:00:48]} Kg7 {[%emt 0:01:45]} 60. e7 {
[%emt 0:00:56]} Kf7 {[%emt 0:00:22]} 0-1

[Event "FIDE Chesscom Grand Swiss 2021"]
[Site "Riga"]
[Date "2021.11.07"]
[Round "11.37"]
[White "Gukesh D"]
[Black "Praggnanandhaa R"]
[Result "1/2-1/2"]
[WhiteElo "2640"]
[BlackElo "2618"]
[Annotator "RC"]
[PlyCount "68"]
[EventDate "2021.10.27"]
[EventType "swiss"]
[EventCountry "LAT"]
[Tiebreak "Cut1 Buchholz+Sonneborn-Berger (Swiss)"]
[SourceTitle "playchess.com"]
[Source "ChessBase"]
[SourceQuality "1"]
[TimeControl "40/6000+30:20/3000+30:900+30"]

1. d4 {[%emt 0:00:44]} Nf6 {[%emt 0:00:50]} 2. c4 {[%emt 0:00:35]} e6 {[%emt 0:
00:11]} 3. Nf3 {[%emt 0:01:23]} d5 {[%emt 0:00:10]} 4. Nc3 {[%emt 0:00:39]} c5
{[%emt 0:00:37]} 5. cxd5 {[%emt 0:03:05]} Nxd5 {[%emt 0:00:28]} 6. e4 {[%emt 0:
00:40]} Nxc3 {[%emt 0:00:08]} 7. bxc3 {[%emt 0:00:03]} cxd4 {[%emt 0:00:06]} 8.
cxd4 {[%emt 0:00:04]} Bb4+ {[%emt 0:00:04]} 9. Bd2 {[%emt 0:00:06]} Bxd2+ {
[%emt 0:00:05]} 10. Qxd2 {[%emt 0:00:03]} O-O {[%emt 0:00:07]} 11. Bc4 {
[%emt 0:02:13]} Nd7 {[%emt 0:00:34]} 12. O-O {[%emt 0:00:08]} b6 {[%emt 0:00:
07]} 13. Rfe1 {[%emt 0:00:12]} Bb7 {[%emt 0:00:27]} 14. Rad1 {[%emt 0:00:07]}
Rc8 {[%emt 0:00:19]} 15. Bb3 {[%emt 0:00:06]} Re8 {[%emt 0:00:24]} 16. h3 {
[%emt 0:03:32]} h6 {[%emt 0:02:10]} 17. Re3 {[%emt 0:00:06]} Nf6 {[%emt 0:00:
40]} 18. Qe2 {[%emt 0:00:07]} Qc7 {[%emt 0:05:28]} 19. Ne5 {[%emt 0:00:14]} b5
{[%emt 0:13:46]} 20. Ng4 {[%emt 0:01:16]} Nxg4 {[%emt 0:03:58]} 21. hxg4 {
[%emt 0:00:41]} Qf4 {[%emt 0:08:35]} 22. Re1 {[%emt 0:52:09]} a6 {[%emt 0:16:
33]} 23. d5 {[%emt 0:00:28]} exd5 {[%emt 0:00:56]} 24. exd5 {[%emt 0:00:06]}
Rxe3 {[%emt 0:00:58]} 25. Qxe3 {[%emt 0:00:16]} Qxe3 {[%emt 0:01:31]} 26. Rxe3
{[%emt 0:00:06]} Rd8 {[%emt 0:01:36]} 27. d6 {[%emt 0:10:30]} Rxd6 {[%emt 0:00:
48]} 28. Re8+ {[%emt 0:00:08]} Kh7 {[%emt 0:00:05]} 29. Bxf7 {[%emt 0:00:08]}
Bd5 {[%emt 0:00:33]} 30. Bxd5 {[%emt 0:00:06]} Rxd5 {[%emt 0:00:05]} 31. Ra8 {
[%emt 0:00:07]} Rd6 {[%emt 0:01:42]} 32. Ra7 {[%emt 0:01:06]} Rd1+ {[%emt 0:01:
34]} 33. Kh2 {[%emt 0:00:06]} Rd2 {[%emt 0:00:03]} 34. Rxa6 {[%emt 0:00:06]} g6
{[%emt 0:00:13]} 1/2-1/2

[Event "FIDE Chesscom Grand Swiss 2021"]
[Site "Riga"]
[Date "2021.11.07"]
[Round "11.38"]
[White "Ganguly, Surya Shekhar"]
[Black "Chigaev, Maksim"]
[Result "0-1"]
[WhiteElo "2617"]
[BlackElo "2639"]
[Annotator "RC"]
[PlyCount "116"]
[EventDate "2021.10.27"]
[EventType "swiss"]
[EventCountry "LAT"]
[Tiebreak "Cut1 Buchholz+Sonneborn-Berger (Swiss)"]
[SourceTitle "playchess.com"]
[Source "ChessBase"]
[SourceQuality "1"]
[TimeControl "40/6000+30:20/3000+30:900+30"]

1. Nf3 {[%emt 0:00:10]} Nf6 {[%emt 0:00:31]} 2. c4 {[%emt 0:00:46]} g6 {
[%emt 0:00:13]} 3. Nc3 {[%emt 0:00:13]} Bg7 {[%emt 0:00:07]} 4. e4 {[%emt 0:00:
07]} d6 {[%emt 0:00:07]} 5. d4 {[%emt 0:00:05]} O-O {[%emt 0:00:08]} 6. Be2 {
[%emt 0:00:03]} e5 {[%emt 0:00:16]} 7. O-O {[%emt 0:00:09]} b6 {[%emt 0:00:58]}
8. Re1 {[%emt 0:02:27]} exd4 {[%emt 0:01:02]} 9. Nxd4 {[%emt 0:00:07]} Bb7 {
[%emt 0:00:09]} 10. f3 {[%emt 0:10:12]} Nh5 {[%emt 0:00:13]} 11. f4 {[%emt 0:
04:00]} Qf6 {[%emt 0:28:55]} 12. Ndb5 {[%emt 0:06:12]} Nxf4 {[%emt 0:02:47]}
13. Nxc7 {[%emt 0:00:35]} Qg5 {[%emt 0:00:08]} 14. Bxf4 {[%emt 0:00:42]} Qxf4 {
[%emt 0:00:06]} 15. N3d5 {[%emt 0:02:45]} Qe5 {[%emt 0:04:23]} 16. Nxa8 {
[%emt 0:02:17]} Bxa8 {[%emt 0:00:06]} 17. Rb1 {[%emt 0:01:19]} Nc6 {[%emt 0:00:
24]} 18. Bf1 {[%emt 0:03:57]} Nd4 {[%emt 0:03:35]} 19. Qd2 {[%emt 0:07:24]} Qh5
{[%emt 0:05:38]} 20. Be2 {[%emt 0:05:08]} Qh4 {[%emt 0:01:23]} 21. Qf4 {
[%emt 0:01:08]} Qd8 {[%emt 0:00:47]} 22. Bd3 {[%emt 0:02:07]} Ne6 {[%emt 0:03:
35]} 23. Qf3 {[%emt 0:01:09]} Be5 {[%emt 0:00:14]} 24. Rf1 {[%emt 0:03:05]} Kg7
{[%emt 0:04:43]} 25. b3 {[%emt 0:01:21]} h5 {[%emt 0:02:34]} 26. Kh1 {[%emt 0:
03:10]} Bc6 {[%emt 0:04:40]} 27. g3 {[%emt 0:12:42]} h4 {[%emt 0:05:19]} 28. g4
{[%emt 0:02:54]} h3 {[%emt 0:00:22]} 29. Qe3 {[%emt 0:03:48]} Qh4 {[%emt 0:01:
46]} 30. Be2 {[%emt 0:00:09]} Ng5 {[%emt 0:04:25]} 31. Rbe1 {[%emt 0:02:07]}
Bd7 {[%emt 0:04:01]} 32. Rg1 {[%emt 0:06:55]} Nxe4 {[%emt 0:01:56]} 33. Rgf1 {
[%emt 0:03:41]} Ng5 {[%emt 0:01:04]} 34. Qf2 {[%emt 0:00:45]} Qxf2 {[%emt 0:00:
58]} 35. Rxf2 {[%emt 0:00:05]} Ne4 {[%emt 0:12:42]} 36. Rff1 {[%emt 0:01:48]}
Bd4 {[%emt 0:03:39]} 37. Rf4 {[%emt 0:02:27]} Re8 {[%emt 0:00:05]} 38. Ref1 {
[%emt 0:00:33]} f5 {[%emt 0:01:03]} 39. Bd3 {[%emt 0:04:08]} g5 {[%emt 0:04:57]
} 40. Bxe4 {[%emt 0:01:02]} gxf4 {[%emt 0:02:59]} 41. Bxf5 {[%emt 0:51:38]} Bc6
{[%emt 0:50:59]} 42. g5 {[%emt 0:04:49]} Re3 {[%emt 0:00:23]} 43. Rd1 {[%emt 0:
02:23]} Bc5 {[%emt 0:02:15]} 44. b4 {[%emt 0:00:32]} Bxd5+ {[%emt 0:01:14]} 45.
cxd5 {[%emt 0:00:10]} Bxb4 {[%emt 0:00:12]} 46. Kg1 {[%emt 0:00:31]} Bc5 {
[%emt 0:00:18]} 47. Kf1 {[%emt 0:00:05]} Rf3+ {[%emt 0:01:54]} 48. Ke1 {
[%emt 0:00:24]} Bb4+ {[%emt 0:00:00]} 49. Ke2 {[%emt 0:00:00]} Ra3 {[%emt 0:00:
00]} 50. Rd4 {[%emt 0:00:00]} f3+ {[%emt 0:00:00]} 51. Kf1 {[%emt 0:00:00]} Bc5
{[%emt 0:00:00]} 52. Rd3 {[%emt 0:00:00]} Rxa2 {[%emt 0:00:00]} 53. Rxf3 {
[%emt 0:00:00]} Rxh2 {[%emt 0:00:00]} 54. Be4 {[%emt 0:00:00]} a5 {[%emt 0:00:
00]} 55. g6 {[%emt 0:00:00]} a4 {[%emt 0:00:00]} 56. Rf7+ {[%emt 0:00:00]} Kg8
{[%emt 0:00:00]} 57. Ke1 {[%emt 0:00:00]} a3 {[%emt 0:00:00]} 58. Ra7 {[%emt 0:
00:00]} b5 {[%emt 0:00:00]} 0-1

[Event "FIDE Chesscom Grand Swiss 2021"]
[Site "Riga"]
[Date "2021.11.07"]
[Round "11.39"]
[White "Ponomariov, Ruslan"]
[Black "Jobava, Baadur"]
[Result "1-0"]
[WhiteElo "2631"]
[BlackElo "2582"]
[Annotator "RC"]
[PlyCount "67"]
[EventDate "2021.10.27"]
[EventType "swiss"]
[EventCountry "LAT"]
[Tiebreak "Cut1 Buchholz+Sonneborn-Berger (Swiss)"]
[SourceTitle "playchess.com"]
[Source "ChessBase"]
[SourceQuality "1"]
[TimeControl "40/6000+30:20/3000+30:900+30"]

1. d4 {[%emt 0:00:04]} d5 {[%emt 0:03:42]} 2. c4 {[%emt 0:00:16]} c6 {[%emt 0:
00:04]} 3. Nf3 {[%emt 0:00:18]} Nf6 {[%emt 0:00:07]} 4. g3 {[%emt 0:00:25]} Bf5
{[%emt 0:00:54]} 5. Nc3 {[%emt 0:00:48]} e6 {[%emt 0:00:07]} 6. Nh4 {[%emt 0:
00:34]} dxc4 {[%emt 0:12:10]} 7. Nxf5 {[%emt 0:01:29]} exf5 {[%emt 0:04:40]} 8.
e3 {[%emt 0:00:05]} b5 {[%emt 0:03:45]} 9. Bg2 {[%emt 0:10:48]} Bb4 {[%emt 0:
08:48]} 10. O-O {[%emt 0:04:48]} Bxc3 {[%emt 0:00:06]} 11. bxc3 {[%emt 0:00:05]
} O-O {[%emt 0:00:05]} 12. a4 {[%emt 0:04:50]} Ne4 {[%emt 0:04:21]} 13. Qc2 {
[%emt 0:02:54]} Nd7 {[%emt 0:19:42]} 14. g4 {[%emt 0:16:20]} g6 {[%emt 0:01:22]
} 15. gxf5 {[%emt 0:03:05]} gxf5 {[%emt 0:00:07]} 16. f3 {[%emt 0:00:15]} Nd6 {
[%emt 0:00:32]} 17. e4 {[%emt 0:06:53]} Nb6 {[%emt 0:00:13]} 18. e5 {[%emt 0:
03:41]} Ndc8 {[%emt 0:08:58]} 19. axb5 {[%emt 0:02:50]} cxb5 {[%emt 0:06:06]}
20. Qxf5 {[%emt 0:08:17]} Ne7 {[%emt 0:04:13]} 21. Qh5 {[%emt 0:02:42]} Nbd5 {
[%emt 0:06:22]} 22. Ra6 {[%emt 0:05:05]} Nxc3 {[%emt 0:03:42]} 23. Rd6 {
[%emt 0:01:44]} Qe8 {[%emt 0:00:51]} 24. Bh6 {[%emt 0:06:05]} Ng6 {[%emt 0:18:
50]} 25. f4 {[%emt 0:10:58]} Rd8 {[%emt 0:00:04]} 26. f5 {[%emt 0:03:28]} Rxd6
{[%emt 0:00:05]} 27. exd6 {[%emt 0:00:08]} Qe2 {[%emt 0:00:19]} 28. Bf3 {
[%emt 0:00:22]} Qd3 {[%emt 0:00:07]} 29. Bxf8 {[%emt 0:00:13]} Qxd4+ {[%emt 0:
02:06]} 30. Kh1 {[%emt 0:00:09]} Kxf8 {[%emt 0:01:18]} 31. fxg6 {[%emt 0:03:21]
} hxg6 {[%emt 0:00:06]} 32. Qh7 {[%emt 0:00:12]} Ne4 {[%emt 0:00:54]} 33. d7 {
[%emt 0:01:22]} Nc5 {[%emt 0:00:20]} 34. Bc6 {[%emt 0:01:06]} 1-0

[Event "FIDE Chesscom Grand Swiss 2021"]
[Site "Riga"]
[Date "2021.11.07"]
[Round "11.40"]
[White "Adly, Ahmed"]
[Black "Zhou, Jianchao"]
[Result "0-1"]
[WhiteElo "2602"]
[BlackElo "2629"]
[Annotator "RC"]
[PlyCount "74"]
[EventDate "2021.10.27"]
[EventType "swiss"]
[EventCountry "LAT"]
[Tiebreak "Cut1 Buchholz+Sonneborn-Berger (Swiss)"]
[SourceTitle "playchess.com"]
[Source "ChessBase"]
[SourceQuality "1"]
[TimeControl "40/6000+30:20/3000+30:900+30"]

1. Nf3 {[%emt 0:02:30]} c5 {[%emt 0:00:19]} 2. g3 {[%emt 0:00:16]} Nc6 {
[%emt 0:00:07]} 3. Bg2 {[%emt 0:00:07]} Nf6 {[%emt 0:00:23]} 4. O-O {[%emt 0:
00:29]} e5 {[%emt 0:00:12]} 5. d3 {[%emt 0:00:43]} d5 {[%emt 0:00:27]} 6. e4 {
[%emt 0:00:11]} Be7 {[%emt 0:00:12]} 7. Nc3 {[%emt 0:00:19]} d4 {[%emt 0:00:06]
} 8. Ne2 {[%emt 0:03:16]} Nd7 {[%emt 0:01:11]} 9. Nd2 {[%emt 0:01:28]} h5 {
[%emt 0:00:41]} 10. f4 {[%emt 0:06:23]} h4 {[%emt 0:00:23]} 11. Nf3 {[%emt 0:
00:23]} hxg3 {[%emt 0:02:59]} 12. Nxg3 {[%emt 0:00:03]} exf4 {[%emt 0:01:21]}
13. Nf5 {[%emt 0:13:22]} g5 {[%emt 0:05:07]} 14. h4 {[%emt 0:02:55]} f6 {
[%emt 0:10:46]} 15. hxg5 {[%emt 0:45:59]} fxg5 {[%emt 0:02:29]} 16. Nxg5 {
[%emt 0:00:02]} Bxg5 {[%emt 0:01:02]} 17. Nd6+ {[%emt 0:00:02]} Ke7 {[%emt 0:
04:00]} 18. Nf5+ {[%emt 0:00:06]} Kf8 {[%emt 0:01:24]} 19. Bxf4 {[%emt 0:04:28]
} Bxf4 {[%emt 0:02:52]} 20. Rxf4 {[%emt 0:00:03]} Nde5 {[%emt 0:02:33]} 21. c3
{[%emt 0:09:55]} Bxf5 {[%emt 0:07:26]} 22. Qb3 {[%emt 0:03:41]} dxc3 {[%emt 0:
10:39]} 23. Rxf5+ {[%emt 0:00:22]} Ke8 {[%emt 0:02:43]} 24. bxc3 {[%emt 0:01:
29]} Qe7 {[%emt 0:03:30]} 25. Rb1 {[%emt 0:00:01]} c4 {[%emt 0:04:48]} 26. Qa4
{[%emt 0:05:14]} cxd3 {[%emt 0:04:02]} 27. Rxb7 {[%emt 0:04:03]} Qxb7 {[%emt 0:
02:09]} 28. Rxe5+ {[%emt 0:00:02]} Kd8 {[%emt 0:00:19]} 29. Rd5+ {[%emt 0:00:
10]} Kc7 {[%emt 0:00:10]} 30. Rb5 {[%emt 0:00:08]} Qxb5 {[%emt 0:15:25]} 31.
Qxb5 {[%emt 0:00:02]} d2 {[%emt 0:00:06]} 32. Qb3 {[%emt 0:04:34]} Rhf8 {
[%emt 0:03:28]} 33. Bf1 {[%emt 0:02:26]} Rad8 {[%emt 0:02:52]} 34. Qd1 {
[%emt 0:01:12]} Ne5 {[%emt 0:01:30]} 35. Be2 {[%emt 0:00:45]} Rd7 {[%emt 0:00:
40]} 36. Bh5 {[%emt 0:00:21]} Rg7+ {[%emt 0:00:14]} 37. Kh2 {[%emt 0:00:03]}
Rh8 {[%emt 0:00:13]} 0-1

[Event "FIDE Chesscom Grand Swiss 2021"]
[Site "Riga"]
[Date "2021.11.07"]
[Round "11.41"]
[White "Kovalev, Vladislav"]
[Black "Indjic, Aleksandar"]
[Result "1/2-1/2"]
[WhiteElo "2634"]
[BlackElo "2612"]
[Annotator "RC"]
[PlyCount "60"]
[EventDate "2021.10.27"]
[EventType "swiss"]
[EventCountry "LAT"]
[Tiebreak "Cut1 Buchholz+Sonneborn-Berger (Swiss)"]
[SourceTitle "playchess.com"]
[Source "ChessBase"]
[SourceQuality "1"]
[TimeControl "40/6000+30:20/3000+30:900+30"]

1. e4 {[%emt 0:00:06]} e5 {[%emt 0:01:46]} 2. Nf3 {[%emt 0:00:09]} Nf6 {
[%emt 0:00:26]} 3. Nc3 {[%emt 0:03:47]} Bb4 {[%emt 0:01:26]} 4. Nxe5 {[%emt 0:
01:27]} O-O {[%emt 0:00:39]} 5. Be2 {[%emt 0:07:44]} Re8 {[%emt 0:04:35]} 6.
Nd3 {[%emt 0:03:12]} Bxc3 {[%emt 0:00:32]} 7. dxc3 {[%emt 0:00:08]} Nxe4 {
[%emt 0:00:07]} 8. O-O {[%emt 0:03:32]} d6 {[%emt 0:00:13]} 9. f3 {[%emt 0:04:
44]} Nf6 {[%emt 0:01:05]} 10. Bg5 {[%emt 0:01:22]} Nbd7 {[%emt 0:00:31]} 11.
Re1 {[%emt 0:04:50]} h6 {[%emt 0:14:31]} 12. Bh4 {[%emt 0:02:07]} Nf8 {[%emt 0:
03:38]} 13. Qd2 {[%emt 0:05:51]} Ng6 {[%emt 0:02:31]} 14. Bf2 {[%emt 0:00:06]}
a5 {[%emt 0:01:34]} 15. Nf4 {[%emt 0:02:50]} Bf5 {[%emt 0:01:10]} 16. Nxg6 {
[%emt 0:06:38]} Bxg6 {[%emt 0:00:44]} 17. a4 {[%emt 0:13:32]} Re6 {[%emt 0:10:
42]} 18. Bc4 {[%emt 0:04:55]} Rxe1+ {[%emt 0:01:24]} 19. Rxe1 {[%emt 0:00:03]}
Qd7 {[%emt 0:04:19]} 20. Bb5 {[%emt 0:03:58]} Qf5 {[%emt 0:00:25]} 21. Re2 {
[%emt 0:05:00]} Qd5 {[%emt 0:05:21]} 22. Qxd5 {[%emt 0:05:39]} Nxd5 {[%emt 0:
00:31]} 23. g3 {[%emt 0:06:02]} Kf8 {[%emt 0:02:59]} 24. Rd2 {[%emt 0:00:30]}
Ne7 {[%emt 0:00:30]} 25. Kg2 {[%emt 0:00:26]} f6 {[%emt 0:01:35]} 26. b3 {
[%emt 0:00:05]} Be8 {[%emt 0:00:30]} 27. Bd3 {[%emt 0:00:30]} Bc6 {[%emt 0:00:
30]} 28. c4 {[%emt 0:03:00]} b6 {[%emt 0:01:29]} 29. g4 {[%emt 0:00:00]} Kf7 {
[%emt 0:01:45]} 30. Re2 {[%emt 0:01:42]} h5 {[%emt 0:02:14]} 1/2-1/2